| 000 | 01036nam a22002411i 4500 | ||
|---|---|---|---|
| 001 | 000030527 | ||
| 003 | RuMoIPM | ||
| 005 | 20260507133507.0 | ||
| 008 | 110829s1978----ur | c rus | ||
| 040 |
_aRuMoIPM _brus _ercr |
||
| 041 | 0 | _arus | |
| 080 | _a51(07) | ||
| 245 | 1 |
_aСборник конкурсных задач по математике для поступающих во втузы _b[учебное пособие] _cПод ред. М. И. Сканави |
|
| 250 | _a3-е изд., доп. | ||
| 260 |
_aМосква _bВысшая школа _c1978 |
||
| 300 |
_a519 с. _bчерт. |
||
| 500 | _aНа обороте тит. л. авт.: В.К. Егерев, В.В. Зайцев, Б.А. Кордемский [и др.] | ||
| 700 | 1 | _aЕгерев, Виктор Константинович | |
| 700 | 1 | _aКордемский, Борис Анастасьевич | |
| 700 | 1 | _aЗайцев, Владимир Валентинович | |
| 700 | 1 |
_aСканави, Марк Иванович _eред. |
|
| 942 | _cBK | ||
| 999 |
_c30527 _d30527 |
||